Gramática de idioma griego antiguo

Saved in:
Bibliographic Details
Main Author: Tzartzanou, Axilleos A (Author)
Format: Book
Language:Greek, Modern (1453- )
Published: Atenas Organismo Editorial Escolar de Libros 1956
Subjects:
Tags: Add Tag
No Tags, Be the first to tag this record!

MARC

LEADER 00000nam a2200000 a 4500
001 UCU1430
003 CL-VaPUC
008 960404e19560000GR |||||||||||||||||gre|d
082 0 4 |a 485  |b TZA  |2 21 
100 0 |a Tzartzanou, Axilleos A  |e author  |9 357094 
245 1 0 |a Gramática de idioma griego antiguo 
300 |a 189 p 
942 |c BK 
945 |d 19960404 00:00:00  |a paguirre 
260 |a Atenas  |b Organismo Editorial Escolar de Libros  |c 1956 
500 |a Título y texto en idioma griego 
650 0 |a Gramática  |9 270497 
650 0 |a Morfología  |9 334440 
650 0 |a Filología   |9 321245 
651 0 |a Grecia  |9 265314 
583 |a last modification  |c 19960404 00:00:00  |k Rodrigo Vera 
999 |c 246061  |d 246059 
952 |0 0  |1 0  |4 0  |6 485_000000000000000_TZA_1956  |7 0  |8 P  |9 260794  |a BIBEDU  |b BIBEDU  |c BIBEDU_PB  |d 2019-11-19  |i 1639897  |o 485 TZA 1956  |p 1639897  |r 2024-01-25  |w 2019-11-19  |y BK  |k FIL